000 00656nam a2200241Ia 4500
003 OSt
005 20230622120327.0
008 210423s2012 xx 000 0 und d
020 _a978-81-203-4651-2
040 _cAL
041 _aeng
082 _a657.48 BHAE
_223
100 _aBHATTACHARYYA (Asish K).
_9112136
245 _aEssentials of financial accounting Ed 3
250 _a3
260 _aNew Delhi
_bPHI Learning Pvt Ltd
_c2012
300 _axxii,690
_bPB
365 _b450
_cINR
650 _aAccounting
_9112137
650 _aFinancial Accounting
_9112138
906 _a3 ; accounting ; Ed ; Essentials ; financial
942 _2ddc
_cBK
999 _c165393
_d165393